Knitting Technology A Comprehensive Handbook and Practical Guide (Record no. 4506)
[ view plain ]
| 000 -LEADER | |
|---|---|
| fixed length control field | 00395nam a2200145Ia 4500 |
| 008 - FIXED-LENGTH DATA ELEMENTS--GENERAL INFORMATION | |
| fixed length control field | 191201s2001 xx 000 0 und d |
| 082 ## - DEWEY DECIMAL CLASSIFICATION NUMBER | |
| Classification number | 677.02845 |
| Item number | SPK |
| 100 ## - MAIN ENTRY--PERSONAL NAME | |
| Personal name | SPENCER, David J |
| 245 #0 - TITLE STATEMENT | |
| Title | Knitting Technology A Comprehensive Handbook and Practical Guide |
| 250 ## - EDITION STATEMENT | |
| Edition statement | 3rd Ed |
| 260 ## - PUBLICATION, DISTRIBUTION, ETC. (IMPRINT) | |
| Place of publication, distribution, etc | England |
| Name of publisher, distributor, etc | Woodhead Publisher |
| Date of publication, distribution, etc | 2001 |
| 300 ## - PHYSICAL DESCRIPTION | |
| Extent | 386 |
| 650 ## - SUBJECT ADDED ENTRY--TOPICAL TERM | |
| Topical term or geographic name as entry element | B.Tech(TE) |
| 942 ## - ADDED ENTRY ELEMENTS (KOHA) | |
| Source of classification or shelving scheme | Dewey Decimal Classification |
| Koha item type | Text Books |
| Withdrawn status | Lost status | Source of classification or shelving scheme | Damaged status | Not for loan | Collection code | Home library | Current library | Date acquired | Source of acquisition | Cost, normal purchase price | Bill Number | Total Checkouts | Full call number | Acc. no. / Barcode | Date last seen | Date last borrowed | Bill Date | Koha item type | Checked out |
|---|---|---|---|---|---|---|---|---|---|---|---|---|---|---|---|---|---|---|---|
| Dewey Decimal Classification | B.Tech(TE) | PIET C-LIBRARY | PIET C-LIBRARY | 27/04/2010 | Indian International Text Book | 3605.00 | 1284 | 3 | 677.02845 SPK | 15328 | 23/06/2025 | 04/06/2025 | 19/02/2010 | Text Books | |||||
| Dewey Decimal Classification | B.Tech(TE) | PIET C-LIBRARY | PIET C-LIBRARY | 27/04/2010 | Indian International Text Book | 3605.00 | 1284 | 2 | 677.02845 SPK | 15329 | 08/04/2024 | 26/03/2024 | 19/02/2010 | Text Books | |||||
| Dewey Decimal Classification | B.Tech(TE) | PIET C-LIBRARY | PIET C-LIBRARY | 27/04/2010 | Indian International Text Book | 3605.00 | 1284 | 4 | 677.02845 SPK | 15330 | 23/06/2025 | 18/06/2025 | 19/02/2010 | Text Books | |||||
| Dewey Decimal Classification | B.Tech(TE) | PIET C-LIBRARY | PIET C-LIBRARY | 27/04/2010 | Indian International Text Book | 3605.00 | 1284 | 1 | 677.02845 SPK | 15331 | 16/02/2023 | 16/02/2023 | 19/02/2010 | Text Books | 02/03/2023 | ||||
| Dewey Decimal Classification | B.Tech(TE) | PIET C-LIBRARY | PIET C-LIBRARY | 27/04/2010 | Indian International Text Book | 3605.00 | 1284 | 1 | 677.02845 SPK | 15332 | 26/03/2024 | 13/03/2024 | 19/02/2010 | Text Books | |||||
| Dewey Decimal Classification | B.Tech(TE) | PIET C-LIBRARY | PIET C-LIBRARY | 27/04/2010 | Indian International Text Book | 3605.00 | 1284 | 2 | 677.02845 SPK | 15333 | 19/06/2024 | 09/02/2024 | 19/02/2010 | Text Books |